| 000 | 00577nam a2200169Ia 4500 | ||
|---|---|---|---|
| 008 | 090201s9999 xx 000 0 und d | ||
| 010 | _aKPL-61359 | ||
| 040 | _bमराठी | ||
| 041 | _aमराठी | ||
| 082 |
_a528 _b61359 |
||
| 100 | _aप्रिया तेंडुलकर | ||
| 245 |
_aजावे तिच्या वंशा _cप्रिया तेंडुलकर |
||
| 260 |
_c2004 _bराजंहस प्रकाशन |
||
| 300 |
_a217 _bमध्यम |
||
| 600 | _aजावे तिच्या वंशा | ||
| 942 | _cBOOK | ||
| 999 |
_c201661 _d201661 |
||